[Event "St Jean op-B"]
[Site "St Jean sur Richelieu"]
[Date "2005.06.26"]
[Round "5"]
[White "Lemieux, Michel"]
[Black "Perreault, Jacquelin"]
[Result "1-0"]
[WhiteElo "1751"]
[BlackElo "1714"]
[PlyCount "79"]
[EventDate "2005.06.??"]
[EventType "swiss"]
[EventRounds "5"]
[EventCountry "CAN"]
[SourceTitle "EXT 2007"]
[Source "ChessBase"]
[SourceDate "2006.11.23"]
[SourceVersion "1"]
[SourceVersionDate "2006.11.23"]
[SourceQuality "1"]

1. Nf3 Nf6 2. g3 b6 3. Bg2 Bb7 4. 0-0 g6 5. c4 Bg7 6. d4 e6 7. Nc3 0-0 8. e4 Nxe4 9. Re1 Nxc3 10. bxc3 d6 11. a4 a5 12. Bf4 Nd7 13. Qd2 Re8 14. h4 Nf6 15. Bg5 Qc8 16. Bxf6 Bxf6 17. Qf4 Qd8 18. Re3 Rc8 19. Rae1 c5 20. Bf1 cxd4 21. cxd4 d5 22. cxd5 Bxd5 23. Bb5 Bc6 24. d5 Bxb5 25. dxe6 Rxe6 26. Rxe6 fxe6 27. Rxe6 Bg7 28. axb5 Ra8 29. Qe3 a4 30. Rxb6 a3 31. Qb3+ Kh8 32. Ra6 Bb2 33. Rxa8 Qxa8 34. b6 Qb7 35. Nd2 Bd4 36. Qxa3 Bxf2+ 37. Kxf2 Qxb6+ 38. Qe3 Qc6 39. Qd4+ Kg8 40. Qc4+ 1-0

[Event "St Jean op"]
[Site "St Jean sur Richelieu"]
[Date "2004.06.25"]
[Round "1"]
[White "Lemieux, Michel"]
[Black "Gaudreau, Eric"]
[Result "0-1"]
[WhiteElo "1811"]
[BlackElo "1644"]
[PlyCount "48"]
[EventDate "2004.06.??"]
[EventType "swiss"]
[EventRounds "5"]
[EventCountry "CAN"]
[SourceTitle "EXT 2006"]
[Source "ChessBase"]
[SourceDate "2005.11.24"]
[SourceVersion "1"]
[SourceVersionDate "2005.11.24"]
[SourceQuality "1"]

1. e4 e5 2. Bc4 Nf6 3. d4 exd4 4. Nf3 Nc6 5. 0-0 Bc5 6. e5 d5 7. exf6 dxc4 8. Re1+ Be6 9. Ng5 Qd5 10. Nc3 Qf5 11. Nce4 0-0-0 12. Nxe6 fxe6 13. Nxc5 Qxc5 14. fxg7 Rhg8 15. Bh6 Qf5 16. Qe2 d3 17. cxd3 Nd4 18. Qd2 Qg6 19. Qf4 Nf5 20. Qxc4 Qxh6 21. Rac1 Qxg7 22. Qxe6+ Kb8 23. g3 Nd4 24. Re3 Nxe6 0-1

[Event "Quebec-ch classe"]
[Site "Quebec"]
[Date "2002.11.23"]
[Round "2"]
[White "Lemieux, Michel"]
[Black "Levesque, Claude"]
[Result "1-0"]
[WhiteElo "1851"]
[BlackElo "1810"]
[PlyCount "101"]
[EventDate "2002.11.22"]
[EventType "swiss"]
[EventRounds "5"]
[EventCountry "CAN"]
[SourceTitle "EXT 2022"]
[Source "ChessBase"]
[SourceDate "2021.10.06"]
[SourceVersion "1"]
[SourceVersionDate "2021.10.06"]
[SourceQuality "1"]

1. e4 g6 2. d4 Bg7 3. Nc3 d6 4. Be3 Nf6 5. f3 0-0 6. Qd2 c6 7. g4 Qa5 8. Bh6 b5 9. h4 b4 10. Nce2 Nbd7 11. Bxg7 Kxg7 12. Ng3 Rh8 13. h5 h6 14. N1e2 e5 15. g5 Ng8 16. Bh3 exd4 17. Bxd7 Bxd7 18. Qxd4+ Qe5 19. Qxe5+ dxe5 20. 0-0-0 Be6 21. hxg6 Kxg6 22. gxh6 Rxh6 23. Rxh6+ Nxh6 24. Rd6 c5 25. f4 exf4 26. Nxf4+ Kf6 27. Nxe6 fxe6 28. Rc6 Ke5 29. Rxc5+ Kf4 30. Nh5+ Ke3 31. Rc6 Ng4 32. Rd6 Nf2 33. Rxe6 Rd8 34. b3 Rd1+ 35. Kb2 Rh1 36. Ng3 Nd1+ 37. Kc1 Re1 38. Nf5+ Ke2 39. Nd4+ Ke3 40. Nf5+ Kf2 41. Kd2 Nc3 42. Kd3 Nxa2 43. e5 Re2 44. Nd4 Re3+ 45. Kc4 a5 46. Rf6+ Kg2 47. e6 a4 48. bxa4 Rc3+ 49. Kd5 Rxc2 50. Nxc2 b3 51. Na3 1-0